| 000 | 00790nam a2200205 a 4500 | ||
|---|---|---|---|
| 008 | 120416s2005 ||||||||||||||||| || u | ||
| 020 | _a082135874X | ||
| 050 | _aIBRD(02) | ||
| 100 | _aBurnside, Craig | ||
| 245 | 1 | 0 |
_aFiscal sustainability in theory and practice: a handbook _cedited by Craig Burnside |
| 260 |
_aWashington, D.C.: _bWorld Bank _c2005 |
||
| 300 | _axx, 285p.: ill. | ||
| 350 | _a0.00 | ||
| 650 | 0 | _aFINANCE--DEVELOPING COUNTRIES | |
| 650 | _aFISCAL POLICY--HANDBOOKS, MANUALS, ETC | ||
| 650 | _aFINANCE, PUBLIC--HANDBOOKS, MANUALS, ETC | ||
| 650 | _aBUDGET--HANDBOOKS, MANUALS, ETC | ||
| 710 | _aWorld Bank | ||
| 995 |
_D0.00 _FCBU-MAIN LIBRARY (Kitwe) _H1 _I0.00 _M1 _UAVAILABLE _ZInternational Publications |
||
| 999 |
_c43597 _d43597 |
||